| 000 | 00862cam a22002654a 4500 | ||
|---|---|---|---|
| 999 |
_c6746 _d6746 |
||
| 001 | 4754 | ||
| 003 | BD-DhUAP | ||
| 005 | 20210117142633.0 | ||
| 008 | 210106s2001 dcua b 000 0 eng | ||
| 020 | _a082134742X | ||
| 040 |
_aDLC _cDLC _dBD-DhUAP _beng |
||
| 082 | 0 | 0 |
_a330.91732 FAC _223 |
| 245 | 0 | 0 |
_aFacets of Globalization : _binternational and local dimensions of development / _cedited by Shahid Yusuf, Simon Evenett and Weiping Wu. |
| 260 |
_aWashington, D.C. : _bWorld Bank, _cc2001. |
||
| 300 |
_axv, 278 pages : _billustrations ; _c28 cm. |
||
| 490 |
_aWorld Bank discussion paper ; _v415. |
||
| 504 | _aIncludes bibliographical references. | ||
| 650 | 0 | _aUrban economics. | |
| 650 | 0 | _aEconomic development. | |
| 650 | 0 | _aGlobalization. | |
| 700 | 1 | _aYusuf, Shahid. | |
| 700 | 1 | _aEvenett, Simon J. | |
| 700 | 1 | _aWu, Weiping. | |
| 942 |
_2ddc _cBK |
||